| 000 | 00778nas a2200265 4500 | ||
|---|---|---|---|
| 001 | BR0904828 | ||
| 003 | BR-BrBNA | ||
| 005 | 20231205113544.0 | ||
| 007 | ta | ||
| 008 | 230509b bl.|||p| |||| 00| 00por d | ||
| 040 |
_aBR-BrBNA _bpor _cBiblioteca Nacional de Agricultura |
||
| 041 | _a(Pt) | ||
| 072 | _aH10 | ||
| 100 | 1 | _aHenz, G.P. | |
| 100 | 1 | _aLopes, C.A. | |
| 100 | 1 | _aReis, A. | |
| 245 | 1 | _aA novel postharvest rot of okra pods caused by Rhizoctonia solani in Brazil | |
| 650 | _aQUIABO | ||
| 650 | _aPODRIDÃO | ||
| 650 | _aDOENÇA DE PLANTA | ||
| 650 | _aPRAGA DE PLANTA | ||
| 773 | 0 |
_tFitopatologia Brasileira (Brazil) _xISSN 0100-4158 _g(May-Jun 2007), v. 32(3) p. 237-240 _wBR0904828 |
|
| 909 |
_a202311 _bLúcia _c55 _dLúcia Elande |
||
| 942 |
_2AGRIS _n0 _cANA |
||
| 999 |
_c204406 _d204406 |
||